00302nam a2200121Ia 4500008004100000040001500041041001200056082001800068100002300086245002400109260003600133300001100169230917s9999||||xx |||||||||||||| ||und|| e5121aMAIN aEnglish a301.632 C783P aCooney, Robert, ed 0aPower of the people aWishingtonbCooperativelyc1977 a240 p.